书目信息 |
| 题名: |
保龄球百问
|
|
| 作者: | 吴育之 | |
| 分册: | ||
| 出版信息: | 北京 人民体育出版社 2000 |
|
| 页数: | 235 | |
| 开本: | 20cm | |
| 丛书名: | ||
| 单 册: | ||
| 中图分类: | G849.4 | |
| 科图分类: | ||
| 主题词: | 球类运动 | |
| 电子资源: | ||
| ISBN: | 7-5009-1899-2 | |
| 000 | 00486nam0 2200181 450 | |
| 001 | 0736480453 | |
| 005 | 20070817100800.46 | |
| 010 | @a7-5009-1899-2@d¥12.00 | |
| 100 | @a20070817d km y0chiy0120 ea | |
| 101 | 0 | @achi |
| 200 | 1 | @a保龄球百问@Abao ling qiu bai wen@f吴育之@Fwu yu zhi |
| 210 | @a北京@c人民体育出版社@d2000 | |
| 215 | @a235@d20cm | |
| 606 | 0 | @a球类运动 |
| 690 | @aG849.4@v3 | |
| 701 | 0 | @a吴育之@Awu yu zhi |
| 801 | 0 | @aCN@bPFT@c20070817 |
| 905 | @a213230@dG849.4@et21@f1 | |
| 保龄球百问/吴育之.-北京:人民体育出版社,2000 |
| 235;20cm |
| ISBN 7-5009-1899-2:¥12.00 |
| ● |
| 相关链接 |
|
|
|
|
正题名:保龄球百问
索取号:G849.4/t21
 
预约/预借
| 序号 | 登录号 | 条形码 | 馆藏地/架位号 | 状态 | 备注 |
| 1 | 6900582 | 269005827 | 密集书库-体育系/ [索取号:G849.4/t21] | 在馆 | |
| 2 | 6900583 | 269005836 | 密集书库-体育系/ [索取号:G849.4/t21] | 在馆 |